[Event "Titled Tuesday intern op 04th Jul Late"]
[Site "Chess.com INT"]
[Date "2023.07.04"]
[Round "5"]
[White "Andreikin, Dmitry"]
[Black "De Prado Rodriguez, Oscar Bruno"]
[Result "1-0"]
[WhiteElo "2729"]
[BlackElo "2145"]
[PlyCount "95"]
[EventDate "2023.07.04"]
[EventType "swiss (blitz)"]
[EventRounds "11"]
[EventCountry "USA"]
[SourceTitle "EXT 2024"]
[Source "ChessBase"]
[SourceDate "2023.10.10"]
[SourceVersion "1"]
[SourceVersionDate "2023.10.10"]
[SourceQuality "1"]

1. e4 d5 2. exd5 Qxd5 3. Nc3 Qd6 4. d4 Nf6 5. Nf3 g6 6. Nb5 Qb6 7. c4 c6 8. Nc3 Bg7 9. h3 0-0 10. Be2 Rd8 11. Qb3 Na6 12. 0-0 Qxb3 13. axb3 Nb4 14. Rd1 Bf5 15. Bf4 Bc2 16. Rdc1 a5 17. Bc7 Bxb3 18. Bxd8 Rxd8 19. Rxa5 Bh6 20. Rf1 Nc2 21. Ra7 b6 22. Rxe7 Nxd4 23. Nxd4 Rxd4 24. Rb7 Nd7 25. Bf3 Bxc4 26. Rd1 Rxd1+ 27. Nxd1 Ne5 28. Nc3 Nxf3+ 29. gxf3 b5 30. Rc7 b4 31. Ne4 Bd5 32. Nf6+ Kg7 33. Nxd5 cxd5 34. Rb7 Bd2 35. Kf1 Kf6 36. Ke2 Bc1 37. Rxb4 Ke5 38. Rb7 f5 39. b4 h5 40. Rc7 Ba3 41. b5 Bd6 42. Rc6 g5 43. b6 d4 44. b7 Bb8 45. Rc8 Ba7 46. Ra8 d3+ 47. Kxd3 Kf4 48. Rxa7 1-0

[Event "Titled Tuesday intern op 04th Jul Late"]
[Site "Chess.com INT"]
[Date "2023.07.04"]
[Round "1"]
[White "Grinev, Valeriy"]
[Black "De Prado Rodriguez, Oscar Bruno"]
[Result "1/2-1/2"]
[WhiteElo "2418"]
[BlackElo "2145"]
[PlyCount "109"]
[EventDate "2023.07.04"]
[EventType "swiss (blitz)"]
[EventRounds "11"]
[EventCountry "USA"]
[SourceTitle "EXT 2024"]
[Source "ChessBase"]
[SourceDate "2023.10.10"]
[SourceVersion "1"]
[SourceVersionDate "2023.10.10"]
[SourceQuality "1"]

1. e4 d5 2. exd5 Qxd5 3. Nc3 Qd6 4. Nf3 Nf6 5. h3 g6 6. d4 Bg7 7. Be3 a6 8. Qd2 0-0 9. a3 b5 10. Be2 Bb7 11. 0-0-0 Nbd7 12. Rhe1 Rfe8 13. Kb1 Nd5 14. Ne4 Qb6 15. Nc5 Rad8 16. Qc1 Nxe3 17. Qxe3 Nxc5 18. dxc5 Qf6 19. c3 e6 20. Ka1 Rd5 21. Rxd5 Bxd5 22. g4 c6 23. Bd1 a5 24. Nd4 b4 25. g5 Qd8 26. cxb4 axb4 27. axb4 Qa8+ 28. Kb1 Qa2+ 29. Kc1 Qa1+ 30. Kc2 Qa4+ 31. Kc3 Qb5 32. Qd3 Qb7 33. f4 Rb8 34. b5 cxb5 35. b4 Ra8 36. Bb3 Ra3 37. Re5 Bxe5 38. fxe5 Bxb3 39. Nxb3 Qb8 40. Qd6 Qa8 41. c6 Qa4 42. Qd8+ Kg7 43. Qf6+ Kf8 44. Qh8+ Ke7 45. Qf6+ Kf8 46. Qd8+ Kg7 47. Qd1 Qa6 48. Qf3 Qa4 49. Kb2 Ra2+ 50. Kb1 Rh2 51. Qf6+ Kg8 52. Qd8+ Kg7 53. Qf6+ Kg8 54. Qd8+ Kg7 55. Qf6+ 1/2-1/2

[Event "Guimaraes op 3rd"]
[Site "Guimaraes"]
[Date "2019.08.30"]
[Round "4"]
[White "Furtado, Dinis"]
[Black "De Prado Rodriguez, Oscar Bruno"]
[Result "0-1"]
[WhiteElo "1775"]
[BlackElo "2155"]
[PlyCount "110"]
[EventDate "2019.08.28"]
[EventType "swiss"]
[EventRounds "7"]
[EventCountry "POR"]
[SourceTitle "EXT 2020"]
[Source "ChessBase"]
[SourceDate "2019.10.17"]
[SourceVersion "1"]
[SourceVersionDate "2019.10.17"]
[SourceQuality "1"]

1. e3 f5 2. b3 Nf6 3. Bb2 e6 4. f4 g6 5. Nf3 Bg7 6. Be2 0-0 7. 0-0 a5 8. a4 d6 9. Na3 Qe7 10. Rb1 Nc6 11. Qe1 e5 12. Bc4+ Kh8 13. Qh4 Bd7 14. Ng5 d5 15. Bxd5 exf4 16. Rxf4 h6 17. Bxc6 Bxc6 18. Nh3 Kg8 19. Rff1 g5 20. Qc4+ Nd5 21. Bxg7 Kxg7 22. Qd4+ Kg8 23. Nc4 Nb4 24. c3 Nc2 25. Qe5 Qd7 26. Qg3 Be4 27. Rbd1 Bd3 28. Ne5 Qd6 29. Nxd3 Qxd3 30. Qxc7 Rf7 31. Qc4 Qd7 32. Qe2 Re8 33. Rc1 Na3 34. Ra1 Qd6 35. Ra2 f4 36. e4 Qb6+ 37. d4 Qxb3 38. Rxa3 Qxa3 39. Qc2 Rc8 40. e5 Kg7 41. Nf2 Qxc3 42. Qxc3 Rxc3 43. d5 Re3 44. Ng4 Rd3 45. d6 Rd7 46. Rb1 Kf7 47. Nf6 Rd8 48. Rxb7+ Ke6 49. Re7+ Kf5 50. d7 Rb8 51. h3 Rb1+ 52. Kh2 Rb2 53. Re8 Rbd2 54. Ne4 Kxe4 55. e6 f3 0-1

[Event "Guimaraes op 3rd"]
[Site "Guimaraes"]
[Date "2019.08.29"]
[Round "2"]
[White "De Prado Rodriguez, Oscar Bruno"]
[Black "Ahlander, Bjorn"]
[Result "0-1"]
[WhiteElo "2155"]
[BlackElo "2390"]
[PlyCount "118"]
[EventDate "2019.08.28"]
[EventType "swiss"]
[EventRounds "7"]
[EventCountry "POR"]
[SourceTitle "EXT 2020"]
[Source "ChessBase"]
[SourceDate "2019.10.17"]
[SourceVersion "1"]
[SourceVersionDate "2019.10.17"]
[SourceQuality "1"]

1. d4 c5 2. c3 e6 3. Bf4 Nf6 4. e3 Nc6 5. Nd2 Be7 6. Bd3 b6 7. h3 Bb7 8. Ngf3 d5 9. 0-0 0-0 10. Qe2 h6 11. Rad1 Bd6 12. Bxd6 Qxd6 13. e4 dxe4 14. Nxe4 Nxe4 15. Qxe4 g6 16. Qe3 Kg7 17. dxc5 Qxc5 18. Qxc5 bxc5 19. Be4 Rfd8 20. Rfe1 Rab8 21. b3 Kf6 22. Nd2 Ke7 23. Bf3 Rbc8 24. Nc4 h5 25. Ne3 Rxd1 26. Rxd1 Ba6 27. Bxc6 Rxc6 28. c4 Bb7 29. f3 g5 30. Kf2 Rc8 31. Rd2 f5 32. Re2 Kf6 33. Rd2 f4 34. Nd1 Bc6 35. Nc3 a6 36. Ne2 Kf5 37. Nc1 e5 38. Ne2 g4 39. hxg4+ hxg4 40. fxg4+ Kxg4 41. Rd6 Kf5 42. Rh6 Kg5 43. Re6 Kf5 44. Rh6 Bb7 45. Rh7 Ba8 46. Rg7 Rd8 47. Rf7+ Ke6 48. Ra7 Be4 49. Rxa6+ Kf5 50. Ra5 Rd2 51. Ke1 Rb2 52. Rxc5 Bxg2 53. Nd4+ Ke4 54. Nc6 f3 55. Rxe5+ Kf4 56. Kd1 f2 57. Kc1 Rxa2 58. Kb1 Rd2 59. Kc1 Rd6 0-1

[Event "Titled Tuesday intern op 4th Dec"]
[Site "Chess.com INT"]
[Date "2018.12.04"]
[Round "2"]
[White "De Prado Rodriguez, Oscar Bruno"]
[Black "Aliakbarov, Anar Samir Oglu"]
[Result "0-1"]
[WhiteElo "2183"]
[BlackElo "2282"]
[PlyCount "50"]
[EventDate "2018.12.04"]
[EventType "swiss (blitz)"]
[EventRounds "10"]
[EventCountry "USA"]
[SourceTitle "EXT 2021"]
[Source "ChessBase"]
[SourceDate "2020.10.23"]
[SourceVersion "1"]
[SourceVersionDate "2020.10.23"]
[SourceQuality "1"]

1. d4 d5 2. Bf4 Nf6 3. e3 c5 4. c3 Nc6 5. Nd2 cxd4 6. exd4 Bf5 7. Qb3 Qc8 8. Ngf3 e6 9. h3 h6 10. Be2 Be7 11. Nh4 Bh7 12. 0-0 g5 13. Be5 gxh4 14. f4 Rg8 15. Kh2 Ne4 16. Nxe4 Bxe4 17. Bf3 Bxf3 18. Rxf3 f6 19. f5 fxe5 20. f6 Bxf6 21. Rxf6 Qd7 22. Re1 0-0-0 23. dxe5 Qg7 24. Qc2 Qg3+ 25. Kg1 Qxe1+ 0-1

[Event "Titled Tuesday intern op 7th Aug"]
[Site "Chess.com INT"]
[Date "2018.08.07"]
[Round "9"]
[White "De Prado Rodriguez, Oscar Bruno"]
[Black "Volovich, Vasily"]
[Result "1-0"]
[WhiteElo "2209"]
[BlackElo "2222"]
[PlyCount "75"]
[EventDate "2018.08.07"]
[EventType "swiss (blitz)"]
[EventRounds "10"]
[EventCountry "USA"]
[SourceTitle "EXT 2021"]
[Source "ChessBase"]
[SourceDate "2020.10.23"]
[SourceVersion "1"]
[SourceVersionDate "2020.10.23"]
[SourceQuality "1"]

1. d4 Nf6 2. Bf4 e6 3. e3 d5 4. Nf3 c5 5. c3 Nc6 6. Nbd2 Be7 7. Bd3 Nh5 8. dxc5 Nxf4 9. exf4 Bxc5 10. Nb3 Bb6 11. 0-0 h6 12. Re1 0-0 13. Qd2 Qf6 14. Nbd4 Bd7 15. Nxc6 Bxc6 16. Ne5 Rac8 17. a4 a5 18. b4 Rfd8 19. Ng4 Qh4 20. Ne5 Be8 21. b5 Qf6 22. g3 Rc7 23. Rac1 Rdc8 24. c4 dxc4 25. Rxc4 Rxc4 26. Nxc4 Qd4 27. Nxb6 Qxb6 28. f5 Rd8 29. fxe6 Qd4 30. e7 Rd7 31. Qc2 Qxd3 32. Qc8 Kh7 33. Qxe8 Qd2 34. Qxd7 Qxe1+ 35. Kg2 Qe4+ 36. Kh3 g5 37. e8Q g4+ 38. Kh4 1-0

[Event "Ferrol op 32th"]
[Site "Ferrol"]
[Date "2017.07.22"]
[Round "7"]
[White "Pazos Porta, Antonio"]
[Black "De Prado Rodriguez, Oscar Bruno"]
[Result "1/2-1/2"]
[WhiteElo "2326"]
[BlackElo "2228"]
[PlyCount "32"]
[EventDate "2017.07.16"]
[EventType "swiss"]
[EventRounds "9"]
[EventCountry "ESP"]
[SourceTitle "EXT 2024"]
[Source "ChessBase"]
[SourceDate "2023.10.10"]
[SourceVersion "1"]
[SourceVersionDate "2023.10.10"]
[SourceQuality "1"]

1. e4 d5 2. exd5 Qxd5 3. Nf3 Bg4 4. Be2 Nc6 5. d4 0-0-0 6. Be3 e5 7. c4 Qa5+ 8. Bd2 Bb4 9. d5 Bxf3 10. Bxf3 Nd4 11. a3 Bxd2+ 12. Nxd2 Nf6 13. 0-0 Qa6 14. Re1 Rhe8 15. Nb3 Nxb3 16. Qxb3 e4 1/2-1/2

[Event "Ferrol op 32th"]
[Site "Ferrol"]
[Date "2017.07.16"]
[Round "1"]
[White "De Prado Rodriguez, Oscar Bruno"]
[Black "Castelo, Jose Luis"]
[Result "1-0"]
[WhiteElo "2228"]
[BlackElo "1580"]
[PlyCount "53"]
[EventDate "2017.07.16"]
[EventType "swiss"]
[EventRounds "9"]
[EventCountry "ESP"]
[SourceTitle "EXT 2024"]
[Source "ChessBase"]
[SourceDate "2023.10.10"]
[SourceVersion "1"]
[SourceVersionDate "2023.10.10"]
[SourceQuality "1"]

1. d4 Nf6 2. Bf4 g6 3. Nc3 d5 4. e3 c6 5. Be2 Bg7 6. Nf3 0-0 7. Ne5 Nbd7 8. h4 h5 9. Qd2 a5 10. 0-0-0 a4 11. f3 a3 12. b3 Qa5 13. g4 hxg4 14. Nxg4 Nxg4 15. fxg4 Nf6 16. Rdg1 b5 17. Bf3 b4 18. Na4 Nd7 19. h5 e5 20. Bg5 e4 21. Bd1 f6 22. Bf4 g5 23. h6 gxf4 24. hxg7 Rf7 25. Rh8+ Kxg7 26. Qh2 f5 27. Qh6# 1-0

[Event "Famalicao op 3rd"]
[Site "Famalicao"]
[Date "2015.08.07"]
[Round "7"]
[White "Dias, Ivo Rodrigues"]
[Black "De Prado Rodriguez, Oscar Bruno"]
[Result "1-0"]
[WhiteElo "2122"]
[BlackElo "2237"]
[PlyCount "124"]
[EventDate "2015.08.02"]
[EventType "swiss"]
[EventRounds "7"]
[EventCountry "POR"]
[SourceTitle "CBM 167 Extra"]
[Source "ChessBase"]
[SourceDate "2015.09.14"]
[SourceVersion "1"]
[SourceVersionDate "2015.09.14"]
[SourceQuality "1"]

1. e4 d5 2. exd5 Qxd5 3. Nc3 Qd6 4. d4 Nf6 5. Nf3 g6 6. Nb5 Qb6 7. c4 c6 8. Nc3 Bg7 9. Be2 0-0 10. h3 Rd8 11. 0-0 Bf5 12. g4 Be6 13. Rb1 h5 14. Bf4 hxg4 15. c5 Qb4 16. hxg4 Nxg4 17. a3 Qb3 18. Qd2 Bf5 19. Rbe1 e5 20. Bd1 Qe6 21. Bg5 f6 22. d5 Qf7 23. Bb3 Na6 24. Be3 Nc7 25. Rd1 cxd5 26. Nxd5 Nxd5 27. Bxd5 Rxd5 28. Qxd5 Qxd5 29. Rxd5 Be4 30. Rfd1 Bxd5 31. Rxd5 Nxe3 32. fxe3 Rf8 33. Kf2 Rf7 34. Nd2 f5 35. Rd8+ Kh7 36. b4 e4 37. Nc4 Bf6 38. Ra8 a6 39. Nd6 Rc7 40. Ra7 Be5 41. Nc4 Bg7 42. Na5 Rd7 43. Ke2 Rd3 44. Rxb7 Rxa3 45. c6 Rc3 46. Kd2 Rd3+ 47. Kc2 Rc3+ 48. Kb2 Rxc6+ 49. Rxg7+ Kxg7 50. Nxc6 g5 51. Kc2 f4 52. Kd2 Kf6 53. exf4 gxf4 54. Nb8 Ke6 55. Nxa6 Kd7 56. Nc5+ Kc6 57. Nxe4 Kd5 58. Kd3 f3 59. Nf2 Kc6 60. Ke3 Kb5 61. Nd3 Kc4 62. Kxf3 Kd5 1-0

[Event "Famalicao op 3rd"]
[Site "Famalicao"]
[Date "2015.08.03"]
[Round "2"]
[White "De Prado Rodriguez, Oscar Bruno"]
[Black "Fernandes, Miguel A Murtinho"]
[Result "1-0"]
[WhiteElo "2237"]
[BlackElo "1832"]
[PlyCount "57"]
[EventDate "2015.08.02"]
[EventType "swiss"]
[EventRounds "7"]
[EventCountry "POR"]
[SourceTitle "CBM 167 Extra"]
[Source "ChessBase"]
[SourceDate "2015.09.14"]
[SourceVersion "1"]
[SourceVersionDate "2015.09.14"]
[SourceQuality "1"]

1. d4 d5 2. Bf4 Nf6 3. e3 e6 4. Nf3 c5 5. c3 Nc6 6. Nbd2 Be7 7. Bd3 Nh5 8. Be5 c4 9. Bc2 f5 10. h3 Nf6 11. g4 Nxe5 12. Nxe5 g6 13. gxf5 exf5 14. Qf3 Bd7 15. b3 Qa5 16. Nxd7 Kxd7 17. bxc4 Ne4 18. Bxe4 dxe4 19. Qd1 Qxc3 20. Rb1 b6 21. 0-0 Qa3 22. c5 Qxa2 23. Ra1 Qd5 24. Qa4+ Qc6 25. Qb3 Qf6 26. Qd5+ Kc7 27. cxb6+ Qxb6 28. Rfc1+ Kb8 29. Qe5+ 1-0

[Event "Famalicao op 2nd"]
[Site "Famalicao"]
[Date "2014.09.01"]
[Round "2"]
[White "Ribeiro, Bruno Rafael Leite"]
[Black "De Prado Rodriguez, Oscar Bruno"]
[Result "0-1"]
[WhiteElo "1732"]
[BlackElo "2229"]
[PlyCount "52"]
[EventDate "2014.09.01"]
[EventType "swiss"]
[EventRounds "7"]
[EventCountry "POR"]
[SourceTitle "EXT 2018"]
[Source "ChessBase"]
[SourceDate "2017.10.13"]
[SourceVersion "1"]
[SourceVersionDate "2017.10.13"]
[SourceQuality "1"]

1. Nf3 f5 2. b3 Nf6 3. Bb2 e6 4. e3 Be7 5. Be2 0-0 6. d4 d6 7. c4 Ne4 8. h4 b6 9. d5 e5 10. Qc2 a5 11. Nc3 Nxc3 12. Bxc3 Na6 13. a3 Bd7 14. g3 Nc5 15. Nd2 Bf6 16. 0-0-0 Qe8 17. Rdg1 b5 18. g4 fxg4 19. Bxg4 bxc4 20. Nxc4 Bxg4 21. Rxg4 Qb5 22. Kb2 Rfb8 23. Bxa5 Rxa5 24. Nxa5 Qxa5 25. b4 e4+ 26. Ka2 Qxa3+ 0-1

[Event "Mondariz Marcote Memorial"]
[Site "Mondariz"]
[Date "2014.08.23"]
[Round "8"]
[White "Lopez de Turiso, Jose Angel"]
[Black "De Prado Rodriguez, Oscar Bruno"]
[Result "0-1"]
[WhiteElo "2147"]
[BlackElo "2255"]
[PlyCount "80"]
[EventDate "2014.08.16"]
[EventType "swiss"]
[EventRounds "9"]
[EventCountry "ESP"]
[SourceTitle "EXT 2015"]
[Source "ChessBase"]
[SourceDate "2014.11.20"]
[SourceVersion "1"]
[SourceVersionDate "2014.11.20"]
[SourceQuality "1"]

1. d4 f5 2. c4 Nf6 3. Nc3 e6 4. Qc2 Bb4 5. e3 b6 6. Bd3 Bb7 7. f3 0-0 8. Nge2 Bd6 9. e4 fxe4 10. Nxe4 Bb4+ 11. Bd2 Bxd2+ 12. Qxd2 Bxe4 13. Bxe4 Nxe4 14. fxe4 Qh4+ 15. Ng3 d5 16. 0-0-0 dxc4 17. d5 Nd7 18. dxe6 Nc5 19. Qd5 Qh6+ 20. Kb1 Qxe6 21. Qg5 Nxe4 22. Qe3 Nc5 23. Qc3 b5 24. Rhe1 Qg6+ 25. Ka1 Rae8 26. Re5 Na4 27. Qd4 c6 28. Nh5 Qxg2 29. Rxe8 Rxe8 30. Nf6+ gxf6 31. Rg1 Qg6 32. Rxg6+ hxg6 33. Qg1 Kf7 34. b3 Nc3 35. Qxa7+ Re7 36. Qd4 Ne2 37. Qc5 c3 38. Kb1 Rd7 39. Qxc6 Rd1+ 40. Kc2 Nd4+ 0-1

[Event "ESP-ch 78th"]
[Site "Linares"]
[Date "2013.09.03"]
[Round "6"]
[White "Narciso Dublan, Marc"]
[Black "De Prado Rodriguez, Oscar Bruno"]
[Result "1-0"]
[WhiteElo "2505"]
[BlackElo "2251"]
[PlyCount "74"]
[EventDate "2013.08.29"]
[EventType "swiss"]
[EventRounds "9"]
[EventCountry "ESP"]
[SourceTitle "CBM 156 Extra"]
[Source "ChessBase"]
[SourceDate "2013.10.22"]
[SourceVersion "1"]
[SourceVersionDate "2013.10.22"]
[SourceQuality "1"]

1. d4 f5 2. c4 Nf6 3. Nc3 e6 4. Nf3 Bb4 5. Bd2 b6 6. g3 Bb7 7. Bg2 0-0 8. 0-0 d6 9. Ng5 Bxg2 10. Kxg2 Qc8 11. d5 e5 12. Qc2 h6 13. Ne6 Rf7 14. f4 Bxc3 15. Bxc3 e4 16. Nd4 a6 17. Qd2 c6 18. Nc2 b5 19. Ne3 Raa7 20. Rac1 c5 21. b4 Ne8 22. a4 bxc4 23. bxc5 dxc5 24. Nxc4 Nd7 25. Ne5 Nb6 26. a5 Nd7 27. Nxf7 Kxf7 28. d6 Qc6 29. Qa2+ Kf8 30. Rfd1 c4 31. Bd4 Ra8 32. Qxc4 Qb7 33. Qe6 Qb5 34. Rd2 Nef6 35. Bxf6 gxf6 36. Rc7 e3 37. Rdc2 Nb8 1-0

[Event "ESP-ch 78th"]
[Site "Linares"]
[Date "2013.08.30"]
[Round "2"]
[White "Ibarra Jerez, Jose Carlos"]
[Black "De Prado Rodriguez, Oscar Bruno"]
[Result "1-0"]
[WhiteElo "2538"]
[BlackElo "2251"]
[PlyCount "51"]
[EventDate "2013.08.29"]
[EventType "swiss"]
[EventRounds "9"]
[EventCountry "ESP"]
[SourceTitle "CBM 156 Extra"]
[Source "ChessBase"]
[SourceDate "2013.10.22"]
[SourceVersion "1"]
[SourceVersionDate "2013.10.22"]
[SourceQuality "1"]

1. e4 d5 2. exd5 Qxd5 3. Nf3 Bg4 4. Be2 Nc6 5. d4 0-0-0 6. c4 Qa5+ 7. Bd2 Qf5 8. Be3 Bxf3 9. Bxf3 Nxd4 10. Bxd4 Qe6+ 11. Be2 Qe4 12. 0-0 Rxd4 13. Qa4 Qxe2 14. Qxa7 Rg4 15. h3 Rg6 16. Qa8+ Kd7 17. Nc3 Qxb2 18. Rad1+ Rd6 19. Nb5 Rxd1 20. Rxd1+ Ke6 21. Nxc7+ Kf6 22. Qxf8 e6 23. Nxe6 Qe2 24. Rd6 Qe1+ 25. Kh2 Nh6 26. Nd4+ 1-0

[Event "ESP-ch 77th"]
[Site "San Agustin"]
[Date "2012.10.05"]
[Round "7"]
[White "Menvielle Laccourreye, Augusto"]
[Black "De Prado Rodriguez, Oscar Bruno"]
[Result "1-0"]
[WhiteElo "2133"]
[BlackElo "2283"]
[PlyCount "49"]
[EventDate "2012.09.29"]
[EventType "swiss"]
[EventRounds "9"]
[EventCountry "ESP"]
[SourceTitle "EXT 2014"]
[Source "ChessBase"]
[SourceDate "2013.11.20"]
[SourceVersion "1"]
[SourceVersionDate "2013.11.20"]
[SourceQuality "1"]

1. e4 d5 2. exd5 Qxd5 3. Nc3 Qd8 4. d4 Nf6 5. Bc4 c6 6. Nf3 Bf5 7. 0-0 e6 8. Qe2 Be7 9. h3 0-0 10. Bb3 Nbd7 11. Bf4 Nb6 12. Rad1 Nbd5 13. Bd2 h6 14. Ne5 Bd6 15. Rfe1 a5 16. a4 Qc7 17. Nc4 Bb4 18. Qf3 Bxc3 19. bxc3 b5 20. Ne5 bxa4 21. Bxa4 c5 22. g4 Bh7 23. g5 hxg5 24. Bxg5 cxd4 25. cxd4 1-0